Geografia krajów bałkańskich od A do Z #2 - Statystyki

Ogólne statystyki
  • Ten quiz został rozwiązany 31 razy
  • Średni wynik to 15 z 22
Statystyki odpowiedzi
Litera Pytanie Odpowiedź % Poprawnych
B Które miasto jest stolicą Serbii? Belgrad
96%
C Jakiego koloru jest orzeł znajdujący się w albańskiej fladze? Czarny
96%
D Jaką nazwę nosi rzeka przepływająca przez serbską stolicę? Dunaj
93%
I Jaką nazwę nosi dominująca w Albanii religia? Islam
93%
J W 2003 roku ostatecznie przestało istnieć to państwo a w jego ówczesnych granicach powołano związek państw Serbii i Czarnogóry. Jugosławia
93%
T Które miasto jest stolicą Albanii? Tirana
93%
G Na fladze Kosowa mają reprezentować sześć grup etnicznych zamieszkujące ten kraj. Gwiazda
89%
R Z którym krajem graniczy Serbia od północnego wschodu? Ruminia
89%
A Wybrzeże którego morza możemy podziwiać będąc w Czarnogórze? Adriatyk
85%
O Jakie zwierze znajduje się zarówno na herbie jak i fladze Serbii? Orzeł
85%
P Które miasto jest stolicą Kosowa? Prisztina
85%
W Z jakim krajem Serbia graniczy od północny? Węgry
85%
E Jaką nazwę nosi obowiązująca na terenie Kosowa waluta? Euro
81%
H Ze względu na własne ruchy niepodległościowe, który kraj Unii Europejskiej nie uznał niepodległości Kosowa? Hiszpania
78%
F Jak miał na imię zamordowany przez serbskiego zamachowca monarcha -zabójstwo którego było jednym z powodów wybuchu Pierwszej Wojny Światowej? Franciszek Ferdynand
74%
N Jaką nazwę (skrótową) nosi organizacja militarna, która interweniowała zbrojnie w Serbii w 1999 roku? NATO
70%
Z Durres,Karavasta, Wlorska,Drińska to przykłady kilku liczny albańskich....? Zatoka
44%
L Jak nazywa się albańska waluta? Lek
33%
S Rzeka z pytania "D" nie jest jedyną która przepływa przez stolicę Serbii, jaką nazwę nosi druga rzeka przepływająca przez to miasto? Sawa
33%
K Jaką nazwę nosi wpisana na listę światowego dziedzictwa kulturalnego UNESCO zatoka znajdująca się na północnym wybrzeżu Czarnogóry? Kotorska
19%
U Jaką nazwę nosi miasto, kurort morski w południowej Czarnogórze, będący jedną z najstarszych osad Morza Adriatyckiego -historia miasta sięga V w p.n.e. Ulcinj
11%
M Jaką nazwę nosi najwyższy szczyt Serbii? Midżur
0%
Nie znaleziono quizów pasujących do podanych kryteriów
Rozkład punktacji
Procent ludzi z każdym wynikiem
Percentyl według liczby udzielonych odpowiedzi
Twoja historia wyników
Nie rozwiązałeś tego quizu